000 00434nam a22001577a 4500
020 _a978935121616-2
082 _a823
_bWIL/P
100 _aWILDE, OSCAR
245 _aTHE PICTURE OF DORIAN GRAY
_bILLUSTRATED CLASSICS
246 _aTHE PICTURE OF DORIAN GRAY
_bILLUSTRATED CLASSICS
260 _aNEW DELHI
_bBPI INDIA PVT LTD
_c2017
300 _a144
520 _aILLUSTRATED CLASSICS
650 _aILLUSTRATED CLASSICS
942 _cBK
999 _c2830
_d2830